000 00309nam a22001337a 4500
008 181224b xxu||||| |||| 00| 0 eng d
020 _a9780195167375
041 _aeng
080 _a531
100 _a49
101 _aFIZ
245 _aKnowing The Nature Of PhYSICAL Law
_cMichael.M
942 _2udc
_cBK
999 _c53739
_d53739